Nuestra palabra cuenta 3. Lecturas participativas.

Shranjeno v:
Bibliografske podrobnosti
Autores corporativos: Sindicato Nacional de Trabajadores de la Educación (SNTE), Confederación Nacional Campesina (CNC)
Format: Knjiga
Jezik:španščina
Serija:(Alianza maestros-campesinos. Tarea que da frutos)
Teme:
Oznake: Označite
Brez oznak, prvi označite!

MARC

LEADER 00000nam^a2200000^u^4500
001 000517597
005 20250521000000.0
008 110519s1000^^^^^^^^^^^^r^^^^^000^0^spa^d
009 20260310130400.563
035 |a FCE 000061823 
037 |a Acervo ITESO - Biblioteca 
041 |a spa 
082 0 4 |a 370.194072  |b SNTEa NPC-3 
110 |a Sindicato Nacional de Trabajadores de la Educación (SNTE) 
245 1 0 |a Nuestra palabra cuenta 3.  |b Lecturas participativas. 
264 |a México:  |b CNC: SNTE,  |c 1993. 
300 |a 67 p. 
336 |a texto  |b txt  |2 rdacontenido 
337 |a sin mediación  |b n  |2 rdamedio 
338 |a volumen  |b nc  |2 rdasoporte 
440 1 |a (Alianza maestros-campesinos. Tarea que da frutos) 
649 |a XX 
650 |a Educación comunitaria 
650 |a Material didáctico 
650 |a Material de enseñanza 
710 |a Confederación Nacional Campesina (CNC) 
910 |a Fondo Centro de Estudios Educativos 
920 |a Impresos - Libros 
930 |a Fondos Especiales 
905 |a 133 
901 |a ALE070798  |b IT2  |c CEE  |u 20250521 
902 |a https://opac.biblio.iteso.mx/vufind/Record/000517597